000 00498nam a2200181Ia 4500
008 151018s9999 xx 000 0 und d
082 _bRBASDV27966
_a891.468
100 _aयु म पठाण
245 _aपाऊलखुणा
250 _b1
260 _bदिलीपराज
_c1993
300 _a151
600 _aयु म पठाण
630 _aपाऊलखुणा
700 _aयु म पठाण
730 _aपाऊलखुणा
942 _cBOOK
999 _c1027550
_d1027547